| 000 | 00606nam a2200205 a 4500 | ||
|---|---|---|---|
| 005 | 20240209063635.0 | ||
| 008 | 030311s1995 es r 000 0 spa d | ||
| 020 | _a8437020670 | ||
| 035 | _aUPN01000122763 | ||
| 049 | _aCG | ||
| 050 | 4 |
_aLB1028.3 _bS2.3 |
|
| 100 | 1 | _aSan Martín Alonso, Angel | |
| 245 | 1 | 3 |
_aLa escuela de las tecnologías / _cAngel San Martín Alonso. |
| 260 |
_aValencia, Esp. : _bUniversitat de València, _c1995. |
||
| 300 | _a278 p. | ||
| 440 | 0 |
_aEducació. _pEstudis ; _v9 |
|
| 650 | 4 |
_aTecnología educativa _94978 |
|
| 650 | 4 |
_aEducación tecnológica _94854 |
|
| 905 | _aLibro | ||
| 999 |
_c94946 _d94946 |
||